Statistics for Stranger Things Trivia Quiz

Click here to take the quiz!

General Stats

  • This quiz has been taken 1,122 times
  • The average score is 9 of 15

Answer Stats

HintAnswer% Correct
Eleven's real name? S1Jane Ives
94%
Name of Lucas's sister?Erica Sinclair
91%
Name of Mike's little sister?Holly Wheeler
85%
Last number Will rolls?7
80%
The man who was shot at the diner?Benny Hammond
74%
Name of Will's father?Lonnie Byers
73%
Eleven's real name? End of S2Jane Hopper
64%
Dustin's cat?Mews (RIP!!)
57%
Name of the teacher?Scott Clarke
54%
Name of Will's doctor?Sam Owens
49%
Name of Dustin's mother?Claudia Henderson
42%
The agent who shot him?Connie Frazier
42%
Name of the comic Will wants?X-men 134
22%
Dustin's second cat?Tews
17%
Names of the bullies?Troy and James
11%

Score Distribution

Percentile by Number Answered

Percent of People with Each Score

Your Score History

You have not taken this quiz